| 000 | 00885pam a2200265 a 4500 | ||
|---|---|---|---|
| 999 |
_c10193 _d10193 |
||
| 001 | 3400403 | ||
| 003 | OSt | ||
| 005 | 20191224143453.0 | ||
| 008 | 890815s1990 ilua b 001 0 eng | ||
| 010 | _a 89039456 | ||
| 020 |
_a0673520528 : _c$35.00 |
||
| 020 | _a97806735250524 | ||
| 040 |
_aDLC _coclc _dDLC |
||
| 082 | 0 | 0 |
_a339 _220 _bGOR/M |
| 100 |
_aGordon, Robert J _q(Robert James), _d1940- _9747 |
||
| 245 | 1 | 0 |
_aMacroeconomics / _cRobert J Gordon |
| 250 | _a5th ed. | ||
| 260 |
_aGlenview, Ill. : _bScott, Foresman/Little, Brown Higher Education, _c1990. |
||
| 300 | _a602p | ||
| 504 | _aIncludes bibliographical references. | ||
| 650 | 0 | _aMacroeconomics. | |
| 906 |
_a7 _bcbc _corignew _d1 _eocip _f19 _gy-gencatlg |
||
| 942 |
_2ddc _cBK _h339 _iGOR/M _k339 _mGOR/M |
||